Select the People Who Died in the 2010's - Statistics

General Stats
  • This quiz has been taken 99 times
  • The average score is 13 of 20
Answer Stats
Question Tile Select % Correct
The people who died in the 2010's John F. Kennedy No
99%
The people who died in the 2010's Leonardo Da Vinci No
99%
The people who died in the 2010's Princess Diana No
99%
The people who died in the 2010's Bruce Lee No
93%
The people who died in the 2010's Chris Farley No
91%
The people who died in the 2010's Robin Williams Yes
88%
The people who died in the 2010's Tiny Tim No
87%
The people who died in the 2010's Fred Rogers No
85%
The people who died in the 2010's Stanley Kubrick No
79%
The people who died in the 2010's Stan Lee Yes
72%
The people who died in the 2010's Avicii Yes
68%
The people who died in the 2010's George H.W. Bush Yes
66%
The people who died in the 2010's Philip Seymour Hoffman Yes
61%
The people who died in the 2010's Joan Rivers Yes
46%
The people who died in the 2010's Mickey Rooney Yes
39%
The people who died in the 2010's Donna Summer Yes
33%
The people who died in the 2010's Michael Clarke Duncan Yes
33%
The people who died in the 2010's Harold Ramis Yes
29%
The people who died in the 2010's Adam Yauch Yes
25%
The people who died in the 2010's J.D. Salinger Yes
9%
No matching quizzes found
Score Distribution
Percent of People with Each Score
Percentile by Number Answered
Your Score History
You have not taken this quiz